Single-electron devices and circuits in silicon /

Saved in:
Bibliographic Details
Main Author: Durrani, Zahid Ali Khan (Author)
Format: Book
Language:English
Published: London : Imperial College Press, 2010
Edition:[1st ed.]
Subjects:
ISBN:9781848164130
Online Access: Get full text
Tags: Add Tag
No Tags, Be the first to tag this record!

MARC

LEADER 00000nam a2200000 4500
003 SK-BrCVT
005 20220621162400.0
008 100317s2010 xxk e ||||||eng d
020 |a 9781848164130 
035 |a CVTIDW1518132 
040 |b slo  |a CVTI SR  |e AACR2 
041 0 |a eng 
044 |a xxk 
080 |a 539.124  |2 UDC-MRF 
080 |a 621.38.049  |2 UDC-MRF 
080 |a 546.28  |2 UDC-MRF 
100 1 |a Durrani, Zahid Ali Khan  |4 aut 
245 1 0 |a Single-electron devices and circuits in silicon /  |c Zahid Ali Khan Durrani 
250 |a [1st ed.] 
260 |a London :  |b Imperial College Press,  |c 2010 
300 |a XIV, 285 s. :  |b fotogr., grafy, lit., obr. ; 
653 1 |a jednoelektrónové nabíjanie  |a logický obvod  |a jednoelektrónový tranzistor  |a tunelový spoj  |a nanokryštalický kremík 
910 |a BA002  |b A610260 
919 |a 978-1-84816-413-0 
974 |f Knihy 
992 |a AMG 
999 |c 150081  |d 150081